Cómo hacer tu primer trabajo de investigación: Guía para investigadores en educación y ciencias sociales
Gardado en:
| Autor Principal: | |
|---|---|
| Formato: | Libro |
| Idioma: | Lingua castelá |
| Publicado: |
Barcelona
Gedisa
2005
|
| Edición: | 2a. ed |
| Series: | Biblioteca de Educación. Herramientas Universitarias, 9
|
| Subjects: | |
| Tags: |
Engadir etiqueta
Sen Etiquetas, Sexa o primeiro en etiquetar este rexistro!
|
MARC
| LEADER | 00000nam a2200000 a 4500 | ||
|---|---|---|---|
| 001 | UCG6721 | ||
| 003 | CL-VaPUC | ||
| 005 | 20231006144338.0 | ||
| 008 | 110512e20050400SP |||||||||||||||||spa|d | ||
| 999 | |c 344867 |d 344865 | ||
| 020 | |a 8474329310 | ||
| 040 | |c Pontificia Universidad Católica de Valparaíso | ||
| 082 | 0 | 4 | |a 001.42 |b BEL |2 21 |
| 100 | 0 | |a Bell, Judith |e author |9 557067 | |
| 245 | 1 | 0 | |a Cómo hacer tu primer trabajo de investigación: Guía para investigadores en educación y ciencias sociales |
| 250 | |a 2a. ed | ||
| 260 | |a Barcelona |b Gedisa |c 2005 | ||
| 300 | |a 250 p | ||
| 490 | 0 | |a Biblioteca de Educación. Herramientas Universitarias, 9 | |
| 583 | |a last modification |c 20110512 00:00:00 |k Rodrigo Vera | ||
| 650 | 7 | |a TRABAJOS DE INVESTIGACION |2 CL-VaPUC |9 469747 | |
| 650 | 7 | |a REDACCION DE INFORMES |2 CL-VaPUC |9 557068 | |
| 650 | 0 | |a Métodos de investigación |9 262618 | |
| 650 | 0 | |a Ciencias sociales |v Investigación |9 307767 | |
| 852 | |a BIBCUR | ||
| 942 | |c BK |2 ddc | ||
| 945 | |d 20110512 00:00:00 |a jcampos | ||
| 952 | |0 0 |1 0 |4 0 |6 001_420000000000000_BEL_2005 |7 0 |8 ED_SUP |9 443209 |a BIBGIM |b BIBGIM |c S_PSTGRDO |d 2019-11-22 |i 4776704 |o 001.42 BEL 2005 |p 4776704 |r 2025-01-15 |w 2019-11-22 |y BK |k ESU | ||